000 00676nam a22002537a 4500
003 UA-OsUOA
001 42474
007 ta
008 20061106b un ||||| |||| 00| 0 ukr d
100 _aВинославська О. В.
700 _aМалигіна М. П.
090 _a316.6:316.47
_bВ49
942 _cBK
040 _aUA-OsUOA
_bukr
_cUA-OsUOA
_dUA-OsUOA
245 _aЛюдські стосунки
300 _a142 с.
955 _a2
041 _aukr
080 _a316.6:316.47
020 _a966-364-347-1
260 _aК.
_bЦентр навчальної літератури
_c2006
650 7 _a316 Соціологія
_2UDC
999 _c328621
_d328621